000 00487nam a2200181Ia 4500
005 20250423095115.0
008 250422s9999 xx 000 0 und d
020 _a0553213792
050 _aE 185 .E135/
100 _aAppiah, Anthony
245 0 _aEarly African-American classics
260 _aNew York
260 _bBantam Books
260 _c1990
300 _a574 p
650 _aAfro-Americans_History. Afro-Americans_Biography. Slaves_United States_Biography.
942 _cBK
999 _c29258
_d29258